[Event "Match 81__120'/40"]
[Site "Zürich"]
[Date "2025.??.??"]
[Round "4"]
[White "Fidelity Excel Mach III"]
[Black "Scorpio 68000 sel. 4"]
[Result "0-1"]
[Annotator "Utzinger,K"]
[WhiteElo "2020"]
[BlackElo "2043"]
[PlyCount "115"]
[EventDate "2025.??.??"]

{[%evp 0,115,25,25,13,-13,10,3,7,1,1,13,29,26,22,28,22,31,80,70,70,37,46,17,7,20,12,-38,-30,-46,-1,-2,7,7,10,17,26,28,49,69,72,53,67,60,59,79,65,48,85,71,64,48,26,54,41,2,26,-27,-8,-6,10,0,10,28,33,45,88,93,84,90,91,47,62,134,142,104,135,-62,-60,-62,-67,-97,-97,-104,-104,-300,-316,-313,-435,-441,-459,-463,-456,-489,-437,-504,-288,-422,-447,-682,-717,-784,-717,-1062,-1108,-1108,-1108,-1181,-1204,-1194,-1187,-1207,-1429,-1439,-1522,-1581,-1505,-28658]} 1. d4 d5 {Match 120'/40 | Bediener: Rolf Bühler | Kommentator: Kurt Utzinger | 4. Partie: Schwarz (Scorpio) gewinnt | Zwischenstand: 2,5-1,5 (62.5%) für Scorpio | Stand hypothetisch: 2-2 (50%) Ausgleich | Eröffnung: Pseudo Trompowsky 1.d4 d5 2.Lg5 | Buchzüge: 3 von Scorpio; 3 von Mach III | Partieverlauf: Trotz nicht einwandfreier Behandlung des Mittelspiels ist es der Scorpio 68000 s4, der zuerst zwei entscheidenden Fehler produziert. Den möglichen Sieg vergibt der Mach III dann aber in Raten und macht schliesslich selbst seinen einzigen schweren Fehler, der die Partie kostet. Man muss aber den beiden Programmen zugestehen, dass sie bei ihren schwerwiegenden Fehlern mit Varianten zu tun hatten, die einfach nicht zu stemmen waren. Das Gleiche trifft zu auf mögliche Verteidigungen, die unmöglich zu erkennen waren.} 2. Bg5 Nf6 {Die solide und meist gespielte Antwort, die zu normalen Varianten im Damengambit führen kann, was aber eher selten zutrifft. Gut bekannte und interessante Alternativen sind:} (2... h6 3. Bh4 c5 4. dxc5 g5 5. Bg3 Bg7 6. c3 Na6 $13) (2... f6 $5 {Der moderne Trend.} 3. Bf4 Nc6 4. Nf3 g5 {Die alten Meister würden sich im Grab umdrehen über den schwarzen Aufbau.} 5. Bg3 g4 6. Nh4 e5 7. dxe5 f5 $1 {droht ...Le7 mit Figurengewinn} 8. e4 fxe4 $11) 3. Nd2 {[%mdl 32768] ***ENDE BUCH*** Stockfish 17.1 Bewertung: -0.10(49%)/40} ({Nach} 3. Bxf6 {hat Schwarz die Wahl der Qual: a) das grundsolide} exf6 ({oder das dynamische} 3... gxf6)) 3... Nbd7 {[%mdl 32768] ***ENDE BUCH*** Stockfish 17.1 Bewertung: -011(49%)/44} 4. Ngf3 h6 {Zwingt den gegnerischen Läufer zur Entscheidung, auf welcher Diagonale er bleiben will.} 5. Bh4 {Gleichwertig ist der Rückzug nach f4.} g5 $5 {Seit dem Einzug der übermächtigen Schach-Engines hat sich das königliche Spiel gewandelt. Diesen Vorstoss hätte man früher wohl verdammt: Tut nichts für die Entwicklung, schwächt den Königsflügel und dürfte Schwarz zwingen, die lange Rochade auszuführen. Trotzdem gehört dieser Zug gemäss den Engines neben 3...c5 und 3...e6 zu den drei besten Fortsetzungen.} 6. Bg3 Bg7 7. e3 c5 8. c3 b6 $6 {Das schwächt nur die weissen Felder. Die Bewertung sinkt von "Ausgleich" (52%) zu "Weiss steht besser" (84%).} (8... O-O 9. Qb3 c4 10. Qc2 Nh5 11. Be2 Nxg3 12. hxg3 Re8 13. O-O-O Qa5 $11 {dynamisch ausgeglichen}) (8... Nh5 9. Be5 f6 10. Bg3 O-O 11. Be2 f5 12. Qb3 c4 13. Qb5 Nb8 14. Bxb8 Rxb8 $11 {ausgeglichen}) 9. Bb5 Bb7 10. dxc5 $6 {Weiss macht nichts aus seinem Vorteil. Mit 10.h4 bliebe der Mach III auf Kurs.} bxc5 11. O-O {Erneut verdient 11.h4  den Vorzug.} a6 {Weshalb nicht sofort die kurze Rochade. Mit dem Textzug wird lediglich a6 geschwächt.} 12. Ba4 O-O {Nachdem Weiss kurz rochiert hat, kann sich Schwarz dasselbe ebenfalls erlauben.} 13. Qb3 $2 {Wieder einmal ein Zug aus dem Steinzeitalter der Schachprogramme. Die Dame steht hier schlecht und klemmt den La4 ab.} (13. Ne5 $142 Nxe5 14. Bxe5 $11 {ist eine adäquate und ausgleichende Fortsetzung.}) 13... Nb6 $15 14. Be5 {Genauer 14.h3, was gegen ...g4 gerichtet ist.} Ra7 15. h3 Nxa4 {Den abseits stehenden Läufer zu tauschen verbessert leicht die weisse Stellung. Nach 15...g4 bliebe Schwarz im Vorteil.} 16. Qxa4 Qe8 17. Qc2 Qb5 18. b3 {Die Engines plädieren für 18.b4, aber solche Varianten sind nicht für unsere Oldies gedacht.} e6 $6 {Nach diesem harmlosen Zug springen die Erwartungswerte der Engines für Weiss von 51% auf 64% bis 66%. Für Menschen ist das schwer verständlich. In der Schnelle finde ich dafür keine Begründung, ohne mich in die 50 Halbzüge umfassenden Varianten einzuarbeiten.} 19. c4 $6 {Vergibt gemäss Engines den durch 19.Tad1 möglichen, klaren Vorteil.} dxc4 20. bxc4 Qd7 21. Rab1 Qe7 22. Rb6 {Droht mit Ld6 Qualitätsgewinn.} Rd8 23. Rfb1 {0.53(55%)/43 Weiss hat Druck auf der offenen b-Linie. Auch steht der schwarze Turm auf a7 nicht eben glücklich. Aber es ist für Weiss nicht leicht, weitere Fortschritte zu machen.} a5 $2 {0.84(67%)/42 Ein positioneller Missgriff, indem dieser Bauer auf ein schwarzes Feld gesetzt wird, was ihn nach der Festlegung a2-a4 äusserst angreifbar macht, zumal Weiss ja noch den dunkelfarbigen Läufer hat.} 24. Bc3 $2 {Die soeben beschriebenen Feinheiten vermag der Mach III nicht zu erkennen und erlaubt dem gegnerischen Bauern den Vormarsch nach a4.} (24. a4 $1 {war aus den besagten Gründen angesagt.} Ba8 25. Qc3 Kh7 26. Rb8 Rxb8 27. Bxb8 Ra6 28. Qd3+ Kg8 29. Ne5 {0.78(66%)/44}) 24... a4 25. e4 Ba8 26. e5 {Ein schwieriger Entscheid für Menschen. Mit dem Textzug wird das schöne Zentralfeld e4 für einen Springer frei. Dafür verliert der Lc3 an Wirkung und der Bauer e5 selbst anfällig. Mit 26.Db2 stand eine gute Alternative zur Verfügung, was den Druck auf der Diagonale a1-h8 erhöht. Welcher der beiden Züge zu bevorzugen ist, könnte nur eine tiefe Analyse zeigen.} Nd7 27. R6b2 Bc6 28. Re1 {Ein kleiner Erfolg für Schwarz. Der Druck auf e5 animiert Weiss, die Turmverdoppelung aufzugeben.} h5 ({Der Plan} 28... Nf8 {gefällt mir besser: Der Springer hüpft nach g6, wo er die Punkte e5 und f4 unter Kontrolle hat. Auch kann Schwarz daran denken, die Türme mit Ta7-d7 auf der offenen Linie zu verdoppeln. Auch könnte der Druck mit ...Dc7 gesteigert werden. Weiss muss deshalb zu gewaltsamen Massnahmen greifen, um das Gleichgewicht zu halten.} 29. Ne4 Ng6 30. Nf6+ Kh8 31. Qe2 Nf4 32. Qc2 {droht auf h7 Matt, so dass es nun Remis wird durch dreifache Zugwiederholung} Ng6 33. Qe2 Nf4 34. Qc2 Ng6 35. Qe2) 29. Nh2 Ra6 {Was der Turm hier soll, ist nicht ersichtlich.} (29... a3 30. Rbb1 Nf8 31. Ne4 Bxe4 32. Qxe4 Qd7 $11) 30. Ndf3 a3 31. Rbb1 Nf8 {Schwarz findet die beste Verteidigung.} 32. Bd2 {Geht auf die Schwäche g5 los.} f6 $2 {Ein schwerer Fehler, der zeigt, dass der vorhin gelobte Verteidigungszug 31...Sf8 aus dem falschen Grund ausgeführt wurde. Ansonsten wäre hier 32...Sh7 gefolgt.} 33. exf6 {Nach dem gar stärkeren 33.Dc1 wäre die Partie für Schwarz kaum mehr zu retten gewesen. Aber selbst nach dem Textzug hat es Schwarz sehr schwer.} ({Rems M-091224-avx2:} 33. Qc1 Nh7 34. exf6 Qxf6 35. Rb3 Rf8 36. Bc3 Qf4 37. Qc2 Nf6 38. Qg6 Ra7 39. Bxf6 Be8 40. Qxg5 Rxf6 41. Qxc5 Rc7 42. Qxa3 Rxc4 43. Qe7 Bc6 44. Rxe6 Rf7 45. Qd8+ Rf8 46. Qa5 Rc1+ 47. Nf1 Qf5 48. Qxf5 Rxf5 49. Re1 Rfc5 50. Rb8+ Kf7 51. Rb1 R1c2 52. Ng3 Rxa2 53. Ne4 {[%eval 244,43] [%wdl 997,3,0]}) 33... Bxf6 34. Qc1 {[#]} Nh7 $2 $18 {[%mdl 2] Das ***VERLIERT*** definitiv, wenn auch verständlich ist, dass Schwarz nicht bereit ist, mit 34...Dg7, dem besten Vorschlag der Engine, den g5-Bauern herzugeben.} 35. Rb3 $2 {Vermasselt den Sieg, doch war die komplizierte Gewinnvariante für einen Oldie nicht zu stemmen.} ({Rems M-091224-avx2:} 35. Ne5 {4.50(100%)/42} Qg7 36. Bc3 Ba4 37. Ba1 Bc6 38. Nxc6 Rxc6 39. Qxa3 Bxa1 40. Rxa1 Qf6 41. Nf3 Rc7 42. Ne5 Nf8 43. Qe3 Qf4 44. Qc3 Rb8 45. a4 Rcb7 46. a5 Rb3 47. Qc1 Qxc1 48. Rexc1 Ra8 49. a6 Kg7 50. Rd1 Kf6 51. Re1 Rb4 52. a7 Rb7 53. Nc6 Rc7 54. Reb1 Nd7 55. Ra6 g4 56. Rb3 Ne5 57. Rb8 Rxc6 58. Rxa8 Rxa6 59. Rf8+ Kg6 60. a8=Q Rxa8 61. Rxa8 Nxc4 62. Rc8 Nd6 63. Rxc5) {[#]} 35... Bxf3 $2 {[%mdl 2] Stürzt wieder in den ***VERLUST*** statt den rettenden Zug 35...Lb2 zu spielen. Aber wie so oft: Eine viel zu tiefe Variante für Schwarz, um das zu erfassen. Hier könnten aber auch Menschen hoffnungslos überfordert sein.} (35... Bb2 $1 36. Bxg5 Nxg5 37. Qxg5+ Qxg5 38. Nxg5 Ba4 39. Rbe3 Rd1 40. Nxe6 Rxe1+ 41. Rxe1 Rc6 42. Nf3 Bc2 43. Nf4 Rb6 44. Nd5 (44. Nxh5 Bd3 45. Ne5 Bxe5 46. Rxe5 Bxc4 47. Rxc5 Bxa2 48. Ra5 Bf7 49. Rxa3 Bxh5 $11) 44... Rb7 45. Re3 Bb3 46. axb3 (46. Nc3 Bxc4 47. Nd2 Bf7 48. Nde4 Re7 $11) 46... a2 47. Re8+ Kf7 48. Ra8 a1=Q+ 49. Rxa1 Bxa1 50. Nd2 h4 51. Kf1 Ke6 52. g4 hxg3 53. fxg3 Bg7 $11 {und auch wenn die Engine diese Stellung als ausgeglichen beurteilt, würde der schwierige Kampf noch lange dauern.}) 36. Nxf3 Qg7 {Weiss steht auf Gewinn und sollte nun mit 37.Lc3 dem Gegner die starke Diagonale h8-a1 streitig machen und die dunkelfarbigen Läufer tauschen.} 37. Qb1 $6 {Wesentlich schwächer als 37.Lc3, aber Weiss hat trotzdem noch klaren Vorteil.} Ra7 38. Qe4 $2 {Das kommt einen Zug zu früh, so dass Schwarz ausgleichen kann.} (38. g4 $1 {legt die Schwäche g5 fest.} hxg4 39. hxg4 Rad7 40. Qe4 Nf8 (40... Rxd2 $2 41. Nxd2 Rxd2 42. Rb7 $18) 41. Be3 Bc3 42. Rf1 Bd4 43. Bxg5 Bf6 44. Be3 Qh7 45. Qxh7+ Nxh7 46. Kg2 e5 47. Rxa3 e4 48. Nh2 Bg5 49. Ra6) 38... g4 $1 {Wohl per Zufall die richtige Antwort zum Ausgleich.} 39. Qxe6+ {Eine minime Ungenauigkeit, statt sofort 39.hxg4 zu spielen.} (39. hxg4 hxg4 40. Qxe6+ Kh8 41. Ne5 Re7 42. Qb6 $11) 39... Qf7 40. hxg4 $2 {Ein Fehler, wonach Schwarz in Vorteil kommt, wobei die abstrakt wirkende Ausgleichsvariante die Rechenpower unserer beiden Kontrahenten bei weitem übersteigt.} (40. Qxf7+ Rxf7 41. hxg4 hxg4 42. Ba5 Ra8 43. Bb6 gxf3 44. Bxc5 Bb2 (44... Rc7 45. Rxa3 Rxa3 46. Bxa3 Rxc4 47. gxf3 $11) 45. gxf3 Rc7 46. Bd6 Rxc4 47. f4 Rc3 48. Rxc3 Bxc3 49. Re3 Bb2 50. Be5 Nf8 51. Rb3 Bxe5 52. fxe5 Ng6 53. f4 Nxf4 54. Rf3 Nd5 55. e6 Ne7 56. Kf2 Nd5 57. Ke1 Ra6 58. Kd2 Ra4 59. Kc2 $11 {weil der a3-Bauern noch fallen wird.}) 40... Qxe6 41. Rxe6 hxg4 {[#]} 42. Rxf6 $2 {[%mdl 2] ***VERLUSTZUG***, wofür mangelnde Rechentiefe und fehlendes Schachwissen verantwortlich ist.} ({Stockfish 17.1 BMI2:} 42. Be3 gxf3 43. Bxc5 Rd1+ 44. Kh2 Rc7 45. Bxa3 Ng5 46. Re8+ Kf7 47. Rf8+ Kg7 48. gxf3 Ne6 49. Ra8 Rxc4 50. f4 Rxf4 51. Kg2 Bd4 52. Rf3 Rg4+ 53. Rg3 Rxg3+ 54. Kxg3 Rd3+ 55. Kg4 Bxf2 56. Bb2+ Kg6 57. Rg8+ Kf7 58. Rh8 Bc5 59. Rh2 Re3 60. Rf2+ Ke8 61. a4 Bd6 62. Rd2 Kd7 63. a5 Re4+ 64. Kh5 Kc6 65. Rc2+ Kb5 66. Rd2 Bb4 67. Rd5+ Nc5 68. Be5 Kxa5 {[%eval -19,46] [%wdl 1,990,9]}) 42... Nxf6 43. Bc3 Ne4 44. Ne1 Nxc3 45. Rxc3 Rd1 46. Re3 Kf7 {auch 48...Ta1 gewinnt.} 47. Kh2 Re7 48. Nc2 Rxe3 49. Nxe3 Rd2 50. Nf5 ({oder} 50. Nxg4 Rxa2 51. Ne5+ Kg7 52. Nd3 Rc2 53. Nxc5 a2 54. Nb3 Rxf2 $19) 50... Kf8 51. Ng3 Rxa2 {Nun könnte selbst top GM Magnus Carlsen die Partie nicht mehr retten.} 52. Ne4 Rb2 53. Nxc5 a2 54. Nd3 g3+ 55. fxg3 Rb1 56. Kh3 a1=Q 57. Nf4 Kf7 58. c5 {***AUFGEGEBEN***} 0-1

[Event "Match 81__120'/40"]
[Site "Zürich"]
[Date "2025.??.??"]
[Round "7"]
[White "Scorpio 68000 sel. 4"]
[Black "Fidelity Excel Mach III"]
[Result "0-1"]
[Annotator "Utzinger,K"]
[WhiteElo "2043"]
[BlackElo "2020"]
[PlyCount "65"]
[EventDate "2025.??.??"]

{[%evp 0,65,25,16,58,58,77,61,53,27,40,26,65,49,55,16,19,24,28,29,4,-4,-16,-2,-20,-37,15,-24,11,-62,-27,-89,5,-73,-54,-84,-87,-158,-144,-151,-124,-178,-178,-178,-178,-178,-159,-172,-183,-183,-64,-197,-197,-250,-275,-269,-262,-472,-429,-514,-509,-865,-912,-920,-940,-1011,-1041,-1059]} 1. e4 c5 {Match 120'/40 | Bediener: Rolf Bühler | Kommentator: Kurt Utzinger | 7. Partie: Schwarz (Mach) gewinnt | Zwischenstand: 4,5-2,5 (64,2%) für Mach III | Stand hypothetisch: 4-3 (57,1%) für Scorpio | Eröffnung: Sizilianisch, Najdorf, vergifteter Bauern| Buchzüge: 11 von Scorpio; 10 von Mach III | Partieverlauf: In der gewählten sehr scharfen und komplexen Variante im Sizilianischen fallen beide Programme viel zu früh aus dem Buch. Und so begeht der Mach III bereits mit dem ersten selbst berechneten Zug 11...b5 Selbstmord. Die Widerlegung, ein Springeropfer mit 12.Sd5!!, lag dann allerdings weit ausserhalb der Rechenkapazität unserer Odlies. So kann sich Schwarz vorübergehend wieder erholen, gerät aber nach weiteren Fehlern im unübersichtlichen Mittelspiel erneut in eine verlorene Stellung. Wiederum vermag der Scorpio 68000 sel. 4 die Probleme nicht zu lösen. Im Gegenteil begeht er mit 18.Lh5? selbst einen schweren Fehler, der ihm schliesslich die Partie kostet. Ein glücklicher Sieg für das amerikanische Programm von Kathe & Dan Spracklen.} 2. Nf3 d6 3. d4 cxd4 4. Nxd4 Nf6 5. Nc3 a6 6. Bg5 e6 7. f4 Qb6 8. Qd2 Qxb2 9. Rb1 Qa3 10. Bxf6 {Andere wichtige Fortsetzungen in einer der kompliziertesten Eröffnungsvarianten im Schach sind:} (10. f5 Nc6 11. fxe6 fxe6 12. Nxc6 bxc6 $13) (10. e5 h6 11. Bh4 dxe5 12. fxe5 g5 13. exf6 gxh4 $13) 10... gxf6 {***ENDE BUCH*** Bewertung: = (-0.18) (49%) depth 49/69} 11. Be2 {***ENDE BUCH*** Bewertung: = (-0.23) (48%) depth 45/59} {[#]} b5 $2 {[%mdl 2] +/- (1.43) (92% +85% =15% -0%) Depth: 50/103 Ein schwerwiegender Fehler, viel zu tief für die beiden Programme.} ({Üblich sind} 11... Nc6 {und}) (11... h5) 12. O-O $6 $11 {Aus Sicht des Scorpio 68000 sel. 4 eine gute Wahl. Selbst bei Vorgabe von 12.Sd5!! sieht das Programm von David Kittinger nach knapp 9 Min. bei Suchtiefe d08-32 für Schwarz mit +4.28 im Vorteil. Daran würde wohl auch eine Woche an Bedenkzeit nicht viel ändern.} (12. Nd5 $1 {Eine unerwartet Bombe!} exd5 13. Rb3 Qa4 (13... Qxa2 14. O-O dxe4 15. Qc3 Nd7 16. Ra1 Qxa1+ 17. Qxa1 $18 {1-0 (58) Guizar,C (2171)-Panyushkin,B (2258) ICCF email 2013}) 14. Nxb5 Kd8 15. Ra3 Qxe4 $2 16. Qa5+ Ke7 17. Nc3 Qd4 18. Nxd5+ Ke8 19. Re3+ Be7 20. Rxe7+ Kf8 21. c3 Nc6 (21... Qc5 22. Qd8+ Kg7 23. Rxf7+ Kxf7 24. Qe7+ Kg8 25. Nxf6#) 22. Rxf7+ $1 Ke8 (22... Kg8 23. cxd4 Nxa5 24. Bh5 f5 25. Nf6#) 23. Nc7+ Kxf7 24. Qh5+ Kg7 25. cxd4 $18) 12... Rg8 $2 {Sieht logisch aus, aber würde Weiss wieder die Riposte 13.Sd5! ermöglichen.} 13. Rf3 $6 {Behält auch so noch klaren Vorteil. Sowohl 13.Sd5 als auch 13.f5 würden stattdessen gewinnen.} Qa5 14. a3 $6 $11 {Hier hätte 14.f5! die schwarze Stellung ins Wanken gebracht.} Nd7 15. Rh3 h6 {Diese Schutzmassnahme war noch nicht notwendig, denn} (15... Bb7 16. Rxh7 f5 $15 {besser für Schwarz.}) 16. Nb3 {Entfernt einen stark stehenden Springer aus dem Zentrum.} Qb6+ 17. Re3 $6 {Begibt sich freiwillig in eine Fesslung.} Bb7 {Bewertung: =/+ (-0.50) (44% +0% =88% -12%) Depth: 42/69[#]} 18. Bh5 $2 $19 {[%mdl 2] Ein fehlerhafter Schuss ins Leere; nach 18.Kh1 war noch nichts los. Nun erlangt Schwarz eine gewonnene Stellung.} f5 $1 $19 {Jetzt packt Schwarz seine Chance. Bewertung: -+ (-2.41) (0% +0% =0% -100%) Depth: 45/71} 19. Nd4 Bg7 20. Nxe6 Bxc3 21. Qxc3 Rc8 {Verhindert Sc7+ mit Eroberung der Qualität.} 22. Qb3 Rc4 (22... Bxe4 23. Bxf7+ Kxf7 24. Ng5+ Ke7 25. Qf7+ Kd8 26. Ne6#) 23. exf5 Rxg2+ 24. Kf1 Rxh2 25. Nc5+ Kd8 (25... Kf8 26. Nxd7+ Kg7 27. Nxb6) 26. Nxb7+ Qxb7 27. Bf3 Qb6 28. Re2 Rxe2 29. Kxe2 {Schwarz hat nur einen Bauern mehr, aber seine Figuren stehen hervorragend, die weissen Doppelbauern sind schwach, auch befindet sich der weisse König in grosser Gefahr.} Qc5 {Doppelangriff auf c2 und f5.} 30. Ba8 (30. Rc1 Rc3 31. Qd5 Qe3+ 32. Kd1 Qxf3+) 30... Rxc2+ 31. Kd3 Qxf5+ 32. Ke3 Nc5 33. Qxc2 {***AUFGEGEBEN***} 0-1